II Aula Canarias y el Noroeste de Africa (1986) / (Record no. 12755)

MARC details
000 -LEADER
campo de control de longitud fija 01247nam a2200337 i 4500
001 - NÚMERO DE CONTROL
campo de control 12755
003 - IDENTIFICADOR DE NÚMERO DE CONTROL
campo de control ES-MaACL
005 - FECHA Y HORA DE LA ÚLTIMA TRANSACCIÓN
campo de control 20230906150405.0
007 - CAMPO FIJO DE DESCRIPCIÓN FÍSICA--INFORMACIÓN GENERAL
campo de control de longitud fija t|
008 - DATOS DE LONGITUD FIJA--INFORMACIÓN GENERAL
campo de control de longitud fija 891010s1988 sp |||| | spa j
020 ## - NÚMERO INTERNACIONAL ESTÁNDAR DEL LIBRO
Número Internacional Estándar del Libro 84-505-7785-3
080 ## - NÚMERO DE LA CLASIFICACIÓN DECIMAL UNIVERSAL
Número de la Clasificación Decimal Universal 327(649:6-15)"18/19"(063)
080 ## - NÚMERO DE LA CLASIFICACIÓN DECIMAL UNIVERSAL
Número de la Clasificación Decimal Universal 327(6-15:649)"18/19"(063)
080 ## - NÚMERO DE LA CLASIFICACIÓN DECIMAL UNIVERSAL
Número de la Clasificación Decimal Universal 327(460:6-15)"18/19"(063)
080 ## - NÚMERO DE LA CLASIFICACIÓN DECIMAL UNIVERSAL
Número de la Clasificación Decimal Universal 327(6-15:460)"18/19"(063)
111 2# - ENTRADA PRINCIPAL--NOMBRE DE CONGRESO/REUNIÓN
Nombre de congreso/reunión o jurisdicción como elemento de entrada Aula Canarias y el Noroeste de África (
Número del congreso/reunión o número de parte o sección 2ª.
Fecha del congreso o de la firma del tratado 1986.
Sede del congreso/Lugar de la reunión Gran Canaria)
9 (RLIN) 37
245 10 - MENCIÓN DEL TÍTULO
Título II Aula Canarias y el Noroeste de Africa (1986) /
Mención de responsabilidad, etc. coordinación y prólogo, Victor Morales Lezcano.
250 ## - MENCION DE EDICION
Mención de edición 1ª ed.
260 ## - PUBLICACIÓN, DISTRIBUCIÓN, ETC.
Lugar de publicación, distribución, etc. [Las Palmas de Gran Canaria] :
Nombre del editor, distribuidor, etc. Cabildo Insular,
Fecha de publicación, distribución, etc. 1988.
300 ## - DESCRIPCIÓN FÍSICA
Extensión 555 p. ;
Dimensiones 24 cm.
490 1# - MENCIÓN DE SERIE
Mención de serie Geografía e historia
651 #4 - PUNTO DE ACCESO ADICIONAL DE MATERIA--NOMBRE GEOGRÁFICO
Nombre geográfico Canarias-
Subdivisión general Relaciones-
Subdivisión geográfica África occidental.
9 (RLIN) 7958
651 #4 - PUNTO DE ACCESO ADICIONAL DE MATERIA--NOMBRE GEOGRÁFICO
Nombre geográfico España-
Subdivisión general Relaciones-
Subdivisión geográfica África occidental.
9 (RLIN) 169427
651 #4 - PUNTO DE ACCESO ADICIONAL DE MATERIA--NOMBRE GEOGRÁFICO
Nombre geográfico África occidental-
Subdivisión general Relaciones-
Subdivisión geográfica Canarias.
9 (RLIN) 7602
651 #4 - PUNTO DE ACCESO ADICIONAL DE MATERIA--NOMBRE GEOGRÁFICO
Nombre geográfico África occidental-
Subdivisión general Relaciones-
Subdivisión geográfica España.
9 (RLIN) 169428
700 1# - ENTRADA AGREGADA--NOMBRE PERSONAL
Nombre de persona Morales Lezcano, Víctor.
9 (RLIN) 83046
710 1# - ENTRADA AGREGADA--NOMBRE DE ENTIDAD CORPORATIVA
Nombre de entidad corporativa o nombre de jurisdicción como elemento de entrada Gran Canaria.
Unidad subordinada Cabildo Insular.
9 (RLIN) 2264
830 0# - PUNTO DE ACCESO ADICIONAL DE SERIE-TÍTULO UNIFORME
Título uniforme Geografía e historia
9 (RLIN) 179820
852 ## - LOCALIZACIÓN
Ubicación ES-MaACL
Número de control de estantería L-20009
Holdings
Estatus retirado Estado de pérdida Estado de daño No para préstamo Biblioteca de origen Biblioteca actual Ubicación en estantería Fecha de adquisición Fuente de adquisición Total de préstamos Signatura topográfica completa Código de barras Visto por última vez Precio de reemplazo Tipo de ítem Koha
        Biblioteca del Ateneo de Madrid Biblioteca del Ateneo de Madrid Depósito 2 17/01/2008     L-20009 1012992 23/02/2023 23/02/2023 Libro impreso